Operacionnaja sistema UNIX i programirovanije na jazyke Si : Perevod s angl /

Guardado en:
Detalles Bibliográficos
Autores principales: Dansmuir, M.R.M (Autor), Davies, G.J (Autor)
Formato: Libro
Publicado: Moskva : Radio i svjaz, 1989
Etiquetas: Agregar Etiqueta
Sin Etiquetas, Sea el primero en etiquetar este registro!

MARC

LEADER 00000nam a22000003a 4500
001 stu16275
005 20150617225759.1
008 ------s1989----xxr---------------------d
040 |a STU  |b slo 
041 0
044 |a xxr 
080 |a 681.3.06 
100 1 |a Dansmuir, M.R.M  |4 aut 
245 1 |a Operacionnaja sistema UNIX i programirovanije na jazyke Si :  |b Perevod s angl /  |c [aut.]Dansmuir,M.R.M., Davies,G.J 
260 |a Moskva :  |b Radio i svjaz,  |c 1989 
300 |a 191 :  |b Grafy,lit 
700 1 |a Davies, G.J  |4 aut 
996 |b C85885  |c C*85885  |l CCVI  |s P  |a 0  |w stu16275_0001 
996 |b C86221  |c C*86221  |l CCVIIIB  |s P  |a 0  |w stu16275_0002 
996 |b C86899  |c C*86899  |l CCVII  |s P  |a 0  |w stu16275_0003 
996 |b C85872  |c C*85872  |l CCXX  |s P  |a 0  |w stu16275_0004